| 000 | 00719nam a2200205Ia 4500 | ||
|---|---|---|---|
| 003 | GCL | ||
| 008 | 140319s9999 xx 000 0 ara d | ||
| 040 |
_aGCL / _cGCL |
||
| 082 | 0 | 4 |
_aم _b413 _bك م |
| 100 | 1 | _aاحمد مختار عمر | |
| 245 | 1 | 0 |
_aالمنجد فى اللغة ( اقدم معجم شامل للمشترك اللفظى ) / _cاحمد مختار عمر |
| 700 | 1 | _aابوالحسن على الهنائى | |
| 700 | 1 | _aضاحى عبدالباقى (تحقيق) | |
| 260 |
_a[S.N] : _bعالم الكتب الحديث ، _c1988 |
||
| 300 | _a416 ص | ||
| 490 |
_aشكاوى المصرى الفصيح _v0 |
||
| 650 | 0 | 4 | _aاللغة العربية |
| 650 | 0 | 4 | _aالمعاجم |
| 942 |
_2ddc _cREF |
||
| 999 |
_c59559 _d59559 |
||